| 000 | 00884nam a22003137a 4500 | ||
|---|---|---|---|
| 001 | BR7703419 | ||
| 003 | BR-BrBNA | ||
| 005 | 20230928085323.0 | ||
| 007 | ta | ||
| 008 | 230509b bl.||||| |||| 00| 0 por d | ||
| 040 |
_aBR-BrBNA _bpor _cBiblioteca Nacional de Agricultura |
||
| 041 | _a(Por) | ||
| 072 |
_aE15 _b/G514 |
||
| 090 | _ E15 BR7703419 | ||
| 110 | 1 |
_aComissao Coordenadora da Politica Nacional de Credito Rural, Brasilia, DF (Brasil) _91962 |
|
| 245 | 1 | _aRecursos para o credito rural 1977/1978. Oferta minima, oferta maxima [Brasil] | |
| 260 | 3 |
_aBrasilia, DF (Brasil): _c1977. |
|
| 300 | _a37 p. | ||
| 500 | _aNumerical data | ||
| 650 | _aMicroeconomia | ||
| 650 | _aCredito rural | ||
| 650 | _aCusto | ||
| 650 | _aOferta | ||
| 650 | _aInvestimento | ||
| 650 | _aLavoura | ||
| 650 | _aPecuaria | ||
| 909 |
_a202309 _bLucia _c55 _dLucia Elande |
||
| 942 | _cBK | ||
| 999 |
_c23835 _d23835 |
||